=LDR 00000nam 2200000 4500 =001 NUTBA000000000004653 =005 20140918113112.0 =006 =007 =008 =020 ##$$a 979-489-423-0 =035 ##$$a 0010-091400000000686 =040 ##$$a NBPDMAT =082 ##$$a 632.95 =090 ##$$a 632.95 $b Rin p =100 ##$$a Rini Wudianto =245 ##$$a Petunjuk penggunaan pestisida / $c Rini Wudianto =250 ##$$a Cet.16 =260 ##$$a Jakarta : $b Penebar Swadaya, $c 2007 =300 ##$$a viii, 144 hlm. ; $c 20 cm. =650 ##$$a Pestisida =850 ##$$a NBPDMAT =990 ##$$a 21409677 =990 ##$$a 21409677 =990 ##$$a 21409678 =990 ##$$a 21409679 =990 ##$$a 21409680 =990 ##$$a 21409681